[Event "Voronezh op-B 23rd"]
[Site "Voronezh"]
[Date "2019.06.17"]
[Round "6"]
[White "Makashov, Nikolay"]
[Black "Konkov, Mikhail"]
[Result "1-0"]
[WhiteElo "1820"]
[BlackElo "1460"]
[PlyCount "47"]
[EventDate "2019.06.12"]
[EventType "swiss"]
[EventRounds "9"]
[EventCountry "RUS"]
[SourceTitle "EXT 2020"]
[Source "ChessBase"]
[SourceDate "2019.10.17"]
[SourceVersion "1"]
[SourceVersionDate "2019.10.17"]
[SourceQuality "1"]

1. Nf3 d5 2. d4 c6 3. Bf4 Bf5 4. e3 Nf6 5. Be2 e6 6. Nbd2 Bd6 7. Ne5 Qc7 8. g4 Bg6 9. h4 h6 10. Nxg6 fxg6 11. Bxd6 Qxd6 12. Bd3 Kf7 13. f4 g5 14. hxg5 Ne8 15. c3 Nd7 16. gxh6 Rxh6 17. Qf3 Nc7 18. Rxh6 gxh6 19. Qh3 Kg7 20. Qh5 Nf8 21. 0-0-0 Qe7 22. g5 hxg5 23. Rg1 Qe8 24. Qxg5+ 1-0

[Event "Voronezh op-B 23rd"]
[Site "Voronezh"]
[Date "2019.06.16"]
[Round "5"]
[White "Ismailov, Samir"]
[Black "Makashov, Nikolay"]
[Result "1/2-1/2"]
[WhiteElo "1681"]
[BlackElo "1820"]
[PlyCount "85"]
[EventDate "2019.06.12"]
[EventType "swiss"]
[EventRounds "9"]
[EventCountry "RUS"]
[SourceTitle "EXT 2020"]
[Source "ChessBase"]
[SourceDate "2019.10.17"]
[SourceVersion "1"]
[SourceVersionDate "2019.10.17"]
[SourceQuality "1"]

1. d4 Nf6 2. Nf3 d5 3. c4 c6 4. Nc3 e6 5. Bg5 Be7 6. e3 0-0 7. Rc1 Nbd7 8. Be2 Re8 9. 0-0 Nf8 10. Ne5 Ne4 11. Bxe7 Qxe7 12. f4 f6 13. Nf3 Ng6 14. Nxe4 dxe4 15. Nd2 f5 16. c5 Rd8 17. Qb3 Kh8 18. Nc4 Qf6 19. Nd6 b5 20. a4 a6 21. Ra1 Bd7 22. axb5 cxb5 23. Ra5 Bc6 24. Qa3 Ne7 25. Rxa6 Nd5 26. Ra7 b4 27. Qa6 Rxa7 28. Qxa7 Rf8 29. Qa6 Nxe3 30. Qxc6 Qxd4 31. Rf2 Nd1 32. Bxd1 e3 33. Be2 exf2+ 34. Kf1 Qxf4 35. Nc4 Qxh2 36. Kxf2 e5 37. Qd5 e4 38. Qd6 Qh4+ 39. Kg1 Rd8 40. Qe5 f4 41. Nd6 e3 42. Nf7+ Kg8 43. Nxd8 1/2-1/2

[Event "Voronezh op-B 23rd"]
[Site "Voronezh"]
[Date "2019.06.14"]
[Round "3"]
[White "Titov, Oleg2"]
[Black "Makashov, Nikolay"]
[Result "1/2-1/2"]
[WhiteElo "1626"]
[BlackElo "1820"]
[PlyCount "85"]
[EventDate "2019.06.12"]
[EventType "swiss"]
[EventRounds "9"]
[EventCountry "RUS"]
[SourceTitle "EXT 2020"]
[Source "ChessBase"]
[SourceDate "2019.10.17"]
[SourceVersion "1"]
[SourceVersionDate "2019.10.17"]
[SourceQuality "1"]

1. e4 c5 2. Nf3 e6 3. d4 cxd4 4. Nxd4 Nf6 5. Nc3 d6 6. Be2 a6 7. 0-0 Be7 8. Be3 0-0 9. Qd2 Qc7 10. a4 b6 11. f4 Bb7 12. Bf3 Nbd7 13. Nb3 Rfd8 14. Qf2 Nc5 15. Nxc5 bxc5 16. Rfe1 d5 17. exd5 exd5 18. Bd2 c4 19. Kh1 Bc5 20. Qg3 Re8 21. f5 Qxg3 22. hxg3 Bf2 23. Rxe8+ Rxe8 24. Kh2 Ne4 25. Bf4 d4 26. Nxe4 Bxe4 27. Rf1 Bxf3 28. Rxf2 Be2 29. Bd2 Bd1 30. Bb4 Re2 31. Rxe2 Bxe2 32. Bc5 Bd1 33. Bxd4 Bxc2 34. g4 Bxa4 35. g5 Kf8 36. f6 g6 37. Kg3 Ke8 38. Kf4 Kd7 39. Ke5 Kc6 40. g3 Bc2 41. Bc3 Bf5 42. Kd4 Kb5 43. Kd5 1/2-1/2

[Event "Voronezh op-B 20th"]
[Site "Voronezh"]
[Date "2016.06.15"]
[Round "4"]
[White "Moiseenko, Andrey"]
[Black "Makashov, Nikolay"]
[Result "1-0"]
[WhiteElo "2065"]
[BlackElo "1922"]
[PlyCount "55"]
[EventDate "2016.06.12"]
[EventType "swiss"]
[EventRounds "9"]
[EventCountry "RUS"]
[SourceTitle "EXT 2017"]
[Source "ChessBase"]
[SourceDate "2016.10.25"]
[SourceVersion "1"]
[SourceVersionDate "2016.10.25"]
[SourceQuality "1"]

1. d4 d5 2. c4 c6 3. Nf3 Nf6 4. e3 e6 5. b3 Nbd7 6. Bb2 Ne4 7. Bd3 Ndf6 8. 0-0 Bd6 9. Ne5 h5 10. f3 Ng5 11. Nd2 h4 12. Qc2 Rh6 13. f4 Ngh7 14. Ndf3 Rh5 15. Bg6 Bxe5 16. Nxe5 Rf5 17. Nxf7 Qe7 18. Nd6+ Kd8 19. Nxc8 Rxc8 20. Bxf5 exf5 21. Qxf5 Qxe3+ 22. Kh1 Ne4 23. Qxh7 Kc7 24. Qxh4 Kb8 25. cxd5 cxd5 26. Rac1 Re8 27. f5 Qd2 28. Qf4+ 1-0

[Event "Lipetsk City-ch"]
[Site "Lipetsk"]
[Date "2007.08.22"]
[Round "9"]
[White "Kasantsev, Anatolij B"]
[Black "Makashov, Nikolay"]
[Result "0-1"]
[WhiteElo "2138"]
[BlackElo "1980"]
[PlyCount "120"]
[EventDate "2007.08.14"]
[EventType "swiss"]
[EventRounds "9"]
[EventCountry "RUS"]
[SourceTitle "EXT 2009"]
[Source "ChessBase"]
[SourceDate "2008.11.26"]
[SourceVersion "1"]
[SourceVersionDate "2008.11.26"]
[SourceQuality "1"]

1. d4 d5 2. c4 c6 3. Nf3 Nf6 4. e3 e6 5. Nc3 Nbd7 6. Qc2 Bd6 7. Be2 0-0 8. 0-0 e5 9. cxd5 Nxd5 10. Nxd5 cxd5 11. dxe5 Nxe5 12. Rd1 Be6 13. Nd4 Rc8 14. Qb3 Qe7 15. Bd2 Nc4 16. Be1 a6 17. Nxe6 fxe6 18. e4 Qh4 19. Qh3 Qxh3 20. gxh3 Nxb2 21. Bg4 Rce8 22. Rd2 Nc4 23. Rc2 Na3 24. Re2 d4 25. e5 d3 26. Re3 Bc5 27. Rxd3 Nc2 28. Rc3 Bd4 29. Rd1 Bxc3 30. Bxc3 Rf4 31. Rd6 Kf7 32. Rb6 Re7 33. Bd2 Ra4 34. Bg5 Re8 35. Bh5+ g6 36. Rxb7+ Kg8 37. Bg4 Nd4 38. Bf6 h5 39. Bd1 Rxa2 40. Bb3 Ra1+ 41. Kg2 Nxb3 42. Rxb3 a5 43. Rb7 a4 44. Rg7+ Kf8 45. Rh7 g5 46. Rxh5 Kf7 47. Rh7+ Kg6 48. Rg7+ Kh6 49. h4 gxh4 50. Rg4 a3 51. Rxh4+ Kg6 52. Rg4+ Kh6 53. Rh4+ Kg6 54. Rg4+ Kf7 55. Rg7+ Kf8 56. Rh7 a2 57. Rh8+ Kf7 58. Rh7+ Kg6 59. Rg7+ Kh6 60. Ra7 Rb8 0-1

[Event "Lipetsk City-ch"]
[Site "Lipetsk"]
[Date "2007.08.21"]
[Round "8"]
[White "Makashov, Nikolay"]
[Black "Barbashin, Igor"]
[Result "0-1"]
[WhiteElo "1980"]
[BlackElo "2300"]
[PlyCount "50"]
[EventDate "2007.08.14"]
[EventType "swiss"]
[EventRounds "9"]
[EventCountry "RUS"]
[SourceTitle "EXT 2009"]
[Source "ChessBase"]
[SourceDate "2008.11.26"]
[SourceVersion "1"]
[SourceVersionDate "2008.11.26"]
[SourceQuality "1"]

1. d4 Nf6 2. c4 d6 3. Nc3 e5 4. dxe5 dxe5 5. Qxd8+ Kxd8 6. Bg5 c6 7. Nf3 Nbd7 8. 0-0-0 Kc7 9. h3 Bb4 10. Bxf6 gxf6 11. Ne4 Be7 12. Ng3 Nb6 13. e3 Be6 14. b3 a5 15. a4 Nd7 16. Bd3 Nc5 17. Bc2 b5 18. Nd2 bxa4 19. bxa4 Rab8 20. Nge4 Rhd8 21. Nxc5 Bxc5 22. Bb1 Ba3+ 23. Kc2 Rb2+ 24. Kc3 Rbxd2 25. Rxd2 Bb4+ 0-1

[Event "Lipetsk City-ch"]
[Site "Lipetsk"]
[Date "2007.08.20"]
[Round "7"]
[White "Makashov, Nikolay"]
[Black "Geranichev, Mikhail"]
[Result "1-0"]
[WhiteElo "1980"]
[BlackElo "1647"]
[PlyCount "121"]
[EventDate "2007.08.14"]
[EventType "swiss"]
[EventRounds "9"]
[EventCountry "RUS"]
[SourceTitle "EXT 2009"]
[Source "ChessBase"]
[SourceDate "2008.11.26"]
[SourceVersion "1"]
[SourceVersionDate "2008.11.26"]
[SourceQuality "1"]

1. d4 Nf6 2. c4 e6 3. Nc3 Bb4 4. Qc2 0-0 5. Bg5 b6 6. e4 h6 7. Bf4 Bb7 8. f3 Nc6 9. Nge2 Nh5 10. Be3 f5 11. e5 a5 12. 0-0-0 f4 13. Bd2 Qe8 14. Ne4 Ba6 15. a3 Bxd2+ 16. Rxd2 b5 17. cxb5 Bxb5 18. N2c3 Bxf1 19. Rxf1 Rb8 20. g4 fxg3 21. hxg3 Ne7 22. Qd3 Nf5 23. Ne2 a4 24. Rc2 Rb3 25. Rc3 Rxc3+ 26. Qxc3 Ne7 27. Qxc7 Nd5 28. Qd6 Ne3 29. Rf2 Qg6 30. Qxd7 Rf7 31. Qxa4 Rc7+ 32. N2c3 Nxg3 33. Kb1 Nxe4 34. Qa8+ Kh7 35. Qxe4 Nf5 36. Ka2 Rc4 37. Rd2 h5 38. Kb3 Rc8 39. d5 exd5 40. Rxd5 Qe6 41. Kb4 g6 42. Qd3 Rb8+ 43. Nb5 Rb7 44. a4 h4 45. f4 Ne7 46. Rd6 Qg4 47. Qe4 Rb8 48. a5 h3 49. Rd2 Qg1 50. Qf3 Kg7 51. Qxh3 Nc6+ 52. Ka4 Qc5 53. Qd7+ Ne7 54. b4 Qc6 55. Qxe7+ Kg8 56. Qd7 Qc1 57. Qe6+ Kf8 58. Qd6+ Kg8 59. Qxg6+ Kf8 60. Qf6+ Ke8 61. Nd6+ 1-0

[Event "Lipetsk City-ch"]
[Site "Lipetsk"]
[Date "2007.08.19"]
[Round "6"]
[White "Malinin, Sergey Alekseevich"]
[Black "Makashov, Nikolay"]
[Result "1/2-1/2"]
[WhiteElo "2071"]
[BlackElo "1980"]
[PlyCount "105"]
[EventDate "2007.08.14"]
[EventType "swiss"]
[EventRounds "9"]
[EventCountry "RUS"]
[SourceTitle "EXT 2009"]
[Source "ChessBase"]
[SourceDate "2008.11.26"]
[SourceVersion "1"]
[SourceVersionDate "2008.11.26"]
[SourceQuality "1"]

1. d4 Nf6 2. c4 c5 3. d5 e6 4. Nc3 exd5 5. cxd5 d6 6. e4 g6 7. h3 Bg7 8. Bd3 0-0 9. Nf3 Re8 10. 0-0 Na6 11. Re1 Nc7 12. Bf4 a6 13. a4 Rb8 14. a5 b5 15. axb6 Rxb6 16. Na4 Rb4 17. Bd2 Rb8 18. Ba5 Bd7 19. e5 Bxa4 20. Rxa4 dxe5 21. Bxa6 Nfxd5 22. Bc4 Nb6 23. Qxd8 Rexd8 24. Bxb6 Rxb6 25. Nxe5 Ne6 26. b3 Bxe5 27. Rxe5 Rdd6 28. Ra7 Kg7 29. f4 Kf6 30. Rxc5 Rd4 31. g3 Rd2 32. Rd5 Rxd5 33. Bxd5 g5 34. f5 Kxf5 35. Rxf7+ Ke5 36. Bc4 Nd4 37. Rxh7 Nxb3 38. Rh5 Nd2 39. Rxg5+ Kf6 40. Rg4 Rb4 41. Be2 Rxg4 42. Bxg4 Ne4 43. Kg2 Nxg3 44. Kxg3 Kg5 45. Kf3 Kg6 46. Ke4 Kf6 47. Bf5 Kf7 48. Kf4 Kf6 49. Be4 Kg7 50. Kg5 Kh8 51. Kh6 Kg8 52. Bh7+ Kh8 53. h4 1/2-1/2

[Event "Lipetsk City-ch"]
[Site "Lipetsk"]
[Date "2007.08.18"]
[Round "5"]
[White "Dulin, Anatoliy"]
[Black "Makashov, Nikolay"]
[Result "1/2-1/2"]
[WhiteElo "2015"]
[BlackElo "1980"]
[PlyCount "48"]
[EventDate "2007.08.14"]
[EventType "swiss"]
[EventRounds "9"]
[EventCountry "RUS"]
[SourceTitle "EXT 2009"]
[Source "ChessBase"]
[SourceDate "2008.11.26"]
[SourceVersion "1"]
[SourceVersionDate "2008.11.26"]
[SourceQuality "1"]

1. d4 Nf6 2. c4 c5 3. d5 e6 4. Nc3 exd5 5. cxd5 d6 6. e4 g6 7. Be2 Bg7 8. Nf3 0-0 9. 0-0 Bg4 10. Qc2 Bxf3 11. Bxf3 Na6 12. a3 Nc7 13. Be2 a6 14. a4 Rb8 15. a5 b5 16. axb6 Rxb6 17. Bd2 Qc8 18. Ra5 Rb4 19. f3 Re8 20. Rfa1 Rb6 21. Na4 Rb8 22. Nc3 Rb6 23. Na4 Rb8 24. Nc3 Rb6 1/2-1/2